| 000 | 00527cam a2200217ua 4500 | ||
|---|---|---|---|
| 001 | 8256 | ||
| 005 | 20260515114318.0 | ||
| 008 | 150113n ii |||gr||||Z||||||eng | ||
| 040 | _cMAIN | ||
| 041 | _aeng | ||
| 082 | _a822.33 | ||
| 100 |
_aLahari, J., _eEditor. |
||
| 245 | 1 |
_aWilliam Shakespeare Julius Caesar _cEdited by J. Lahiri |
|
| 250 | _a1st. | ||
| 260 |
_aAgra: _bLakshmi, _c2008. |
||
| 300 | _a412p. | ||
| 653 | _aEnglish drama | ||
| 653 | _aShakespeare drama | ||
| 700 |
_aMathur, S. S., _eEditor. |
||
| 942 | _cBK | ||
| 999 |
_c7366 _d7366 |
||